Who's that Pokémon? Gen. 9 Paldea - Statistics

General Stats
  • This quiz has been taken 1,360 times
  • The average score is 9 of 12
Answer Stats
Picture Answer % Correct
Koraidon
92%
Miraidon
91%
Fuecoco
90%
Quaxly
90%
Sprigatito
90%
Cetitan
75%
Ceruledge
71%
Kilowattrel
71%
Arboliva
65%
Baxcalibur
60%
Armarouge
58%
Greavard
57%
No matching quizzes found
Score Distribution
Percent of People with Each Score
Percentile by Number Answered
Your Score History
You have not taken this quiz